000
00428nam a2200121Ia 4500
008
191206s9999 xx 000 0 und d
090
_a
PS15.L3
245
0
_a
Landmarks of American writing: Edited by Hennig Cohen
260
_a
Basic Books
260
_c
c[1969]
300
_a
"xiv, 398 p. 22 cm."
999
_c
16329
_d
16329